Receptúry teplých pokrmov ; Katarína Figerová

Bibliographic Details
Format: Book
Language:Slovak
PhysicalDescription:777 s. 30x21 cm
Published: Bratislava Erpo 1988
Edition:2. vyd.
Subjects:

MARC

LEADER 00000nam a2200000 a 4500
001 vtls001258764
003 SK-MaSNL
005 20260301112941.0
008 250414s1988 xo 0 slo
035 |a SNK000209601 
040 |a SNK  |b slo  |c SNK  |e AACR2 
041 0 |a slo 
044 |a xo  |c SK 
080 |a 641.5:64.024.3(083.133)  |2 1981 
080 |a 64.024.3(083.133)  |2 1981 
080 |a 64.024.3  |2 1981 
245 0 0 |a Receptúry teplých pokrmov ; Katarína Figerová 
250 |a 2. vyd. 
260 |a Bratislava  |b Erpo  |c 1988  |e Bratislava  |f Západoslovenské tlačiarne 
300 |a 777 s.  |c 30x21 cm 
366 |e 10 000 výtl. 
500 |a Smernice. 
500 |a Ob. Katarína Figerová. 
655 7 |a smernice  |2 SNK  |9 26899 
700 1 |a Fígerová, Katarína,  |d 1963-  |4 oth  |9 155452 
852 |a Slovenská národná knižnica 
954 |a pokrmy  |a receptúry  |a stravovanie reštauračné 
958 |a OND 
958 |a TL 
999 |c 712062  |d 713992 
952 |a SNK  |b SNK  |y PREZ  |7 0  |p 17A0851685  |o snkSB 45235   |0 0  |1 0  |4 0  |d 2012-07-09  |f 1  |l 0  |r 2026-02-23 21:35:18  |w 2026-02-23 
952 |t P60, <04>, [BOOK], {604}  |a SNK  |b SNK  |y VYP  |7 0  |p 17A0010723  |o snkSB 45235 D1  |0 0  |1 0  |4 0  |d 1996-09-30  |l 0  |r 2005-01-01 00:00:00  |w 2026-02-23